| 000 | 00950nas a2200313 4500 | ||
|---|---|---|---|
| 001 | BR0205872 | ||
| 003 | BR-BrBNA | ||
| 005 | 20231205103425.0 | ||
| 007 | ta | ||
| 008 | 230509b bl.|||p| |||| 00| 00por d | ||
| 040 |
_aBR-BrBNA _bpor _cBiblioteca Nacional de Agricultura |
||
| 041 | _a(Pt) | ||
| 072 | _aL10 | ||
| 100 | 1 | _aFranciscatto, R.T. | |
| 100 | 1 | _aMurgas, L.S.D. | |
| 100 | 1 | _aMiliorini, A.B. | |
| 100 | 1 | _aSilva, M.O.B. | |
| 100 | 1 | _aLogato, P.V.R. | |
| 245 | 1 | _aQualidade do sêmen de curimba (Prochilodus lineatus)e taxa de fertilidade após resfriamento | |
| 650 | _aPEIXE | ||
| 650 | _aSÊMEN | ||
| 650 | _aFERTILIDADE ANIMAL | ||
| 650 | _aRESFRIAMENTO | ||
| 650 | _aANÁLISE ESTATÍSTICA | ||
| 650 | _aQUALIDADE | ||
| 773 | 0 |
_tRevista Brasileira de Reprodução Animal (Brazil) _xISSN 0102-0803 _g(Jul-Sep 2002), v. 26(3) p. 213-215 _wBR0205872 |
|
| 909 |
_a202311 _bLúcia _c55 _dLúcia Elande |
||
| 942 |
_2AGRIS _n0 _cANA |
||
| 999 |
_c172780 _d172780 |
||